00563nam a22001817a 450000500170000001000150001702000260003203500140005803700080007203700140008008200150009410000260010924500720013526000650020727000630027230000210033550000250035620190405120847.0 aENG-124975 a9788192772646c425.00 aEN-108507 adpl bDBAD/PUB. a344.540327 aChoudhury, Ramkishore aChild Care:cby Ramkishore Choudhurybthe care of national assests/ aKolkatabAcademic Foundation & Publication (Pvt.) Ltd.c2017 a305, Central Plaza, 2/6 Sarat Bose Road, bKolkatae700020v a256p.c25cm(Hbk) aList of Abbreviation